El LX aniversario de la Declaración Universal de los Derechos Humanos. (Record no. 173546)
[ view plain ]
| 000 -LEADER | |
|---|---|
| campo de control de longitud fija | 00893nam a22002175i 4500 |
| 001 - NÚMERO DE CONTROL | |
| campo de control | 173546 |
| 003 - IDENTIFICADOR DE NÚMERO DE CONTROL | |
| campo de control | ES-MaACL |
| 005 - FECHA Y HORA DE LA ÚLTIMA TRANSACCIÓN | |
| campo de control | 20250809042456.0 |
| 008 - DATOS DE LONGITUD FIJA--INFORMACIÓN GENERAL | |
| campo de control de longitud fija | 091207s2009 sp |||| | spa d |
| 080 ## - NÚMERO DE LA CLASIFICACIÓN DECIMAL UNIVERSAL | |
| Número de la Clasificación Decimal Universal | 342.7 |
| 245 03 - MENCIÓN DEL TÍTULO | |
| Título | El LX aniversario de la Declaración Universal de los Derechos Humanos. |
| 260 ## - PUBLICACIÓN, DISTRIBUCIÓN, ETC. | |
| Lugar de publicación, distribución, etc. | Madrid : |
| Nombre del editor, distribuidor, etc. | Ministerio de Asuntos Exteriores y de Cooperación, Secretaría General Técnica, |
| Fecha de publicación, distribución, etc. | [2009] |
| 300 ## - DESCRIPCIÓN FÍSICA | |
| Extensión | 158 p. ; |
| Dimensiones | 24 cm. |
| 505 8# - NOTA DE CONTENIDO CON FORMATO | |
| Nota de contenido con formato | Incluye: Declaración universal de los derechos humanos, p. 17-23 |
| 650 #7 - PUNTO DE ACCESO ADICIONAL DE MATERIA--TÉRMINO DE MATERIA | |
| Término de materia o nombre geográfico como elemento de entrada | Derechos humanos |
| Fuente del encabezamiento o término | embne |
| 9 (RLIN) | 11770 |
| 710 2# - ENTRADA AGREGADA--NOMBRE DE ENTIDAD CORPORATIVA | |
| Nombre de entidad corporativa o nombre de jurisdicción como elemento de entrada | Naciones Unidas. |
| Unidad subordinada | Asamblea General. |
| Título de la obra | Declaración universal de los derechos humanos. |
| 9 (RLIN) | 5958 |
| 710 1# - ENTRADA AGREGADA--NOMBRE DE ENTIDAD CORPORATIVA | |
| Nombre de entidad corporativa o nombre de jurisdicción como elemento de entrada | España. |
| Unidad subordinada | Ministerio de Asuntos Exteriores y de Cooperación. |
| 9 (RLIN) | 3847 |
| 740 02 - ENTRADA AGREGADA--TÍTULO RELACIONADO/ANALÍTICO NO CONTROLADO | |
| Título relacionado o analítico no controlado | Declaración universal de los derechos humanos. |
| 852 4# - LOCALIZACIÓN | |
| Ubicación | ES-MaACL |
| Número de control de estantería | C-46649 |
| Estatus retirado | Estado de pérdida | Estado de daño | No para préstamo | Biblioteca de origen | Biblioteca actual | Ubicación en estantería | Fecha de adquisición | Fuente de adquisición | Total de préstamos | Signatura topográfica completa | Código de barras | Visto por última vez | Precio de reemplazo | Tipo de ítem Koha |
|---|---|---|---|---|---|---|---|---|---|---|---|---|---|---|
| Biblioteca del Ateneo de Madrid | Biblioteca del Ateneo de Madrid | Depósito 2 | 07/12/2009 | C-46649 | 1182124 | 23/02/2023 | 23/02/2023 | Libro impreso |
